| 000 | 00644cab a22001935a 4500 | ||
|---|---|---|---|
| 001 | L149766 | ||
| 008 | 100421e20101004xxk 000 0 eng d | ||
| 035 | _a(Sirsi) u149766 | ||
| 041 | 0 | _aeng | |
| 100 | 1 | _aHighmore, Sue | |
| 245 | 0 | 0 | _aFor better and for worse. |
| 260 | _c2010 | ||
| 490 |
_aEstates Gazette _v(1014) 10 April 2010, 104-105(2) |
||
| 520 | _aAdvice on easements. Includes information on the definition of an easement, how to recognise one, their longevity, variation and termination and suggestions for further reading. | ||
| 590 | _aKA | ||
| 651 | 4 | _aENGLAND AND WALES | |
| 690 |
_aBoundary disputes _96221 |
||
| 942 | _n0 | ||
| 999 |
_c82274 _d82274 |
||